Statistics for AP Computer Science Principles #2

Click here to take the quiz!

General Stats

  • This quiz has been taken 4 times
  • The average score is 1 of 5

Answer Stats

HintAnswer% Correct
Big Idea 2Data
67%
Big Idea 1Creative Development
33%
Big Idea 5Impact of Computing
33%
Big Idea 3Algorithms and Programming
0%
Big Idea 4Computer Systems and Networks
0%

Score Distribution

Percentile by Number Answered

Percent of People with Each Score

Your Score History

You have not taken this quiz